[Event "IECC CL4-2003.11 email"]
[Site "IECC email"]
[Date "2003.05.19"]
[Round "?"]
[White "Wozniak, Zbigniew"]
[Black "Wagener, Dirk"]
[Result "1/2-1/2"]
[WhiteElo "1863"]
[BlackElo "1634"]
[PlyCount "88"]
[EventDate "2003.??.??"]
[EventType "tourn (corr)"]
[EventRounds "4"]
[SourceTitle "Corr 2008"]
[Source "ChessBase"]
[SourceDate "2008.06.24"]
[SourceVersion "1"]
[SourceVersionDate "2008.06.24"]
[SourceQuality "1"]

1. e4 e6 2. d4 d5 3. Nc3 Bb4 4. e5 c5 5. a3 Bxc3+ 6. bxc3 Ne7 7. Nf3 Bd7 8. a4 Qa5 9. Bd2 Nbc6 10. Bb5 a6 11. Be2 f6 12. c4 Qc7 13. exf6 gxf6 14. dxc5 0-0-0 15. 0-0 e5 16. cxd5 Nxd5 17. c4 Ndb4 18. Qb3 a5 19. Be3 Bf5 20. Rfc1 Nd4 21. Nxd4 exd4 22. Bd2 Qxc5 23. Bf3 Rhe8 24. Bd5 Be4 25. Qh3+ Kb8 26. Bxe4 Rxe4 27. Qxh7 Rde8 28. Rab1 f5 29. Qd7 R8e7 30. Qd8+ Ka7 31. h3 Re2 32. Bf4 d3 33. Qb8+ Ka6 34. Be3 R7xe3 35. fxe3 d2 36. Qa8+ Kb6 37. Rf1 Qxe3+ 38. Kh1 Qe4 39. Qd8+ Ka6 40. Qa8+ Kb6 41. Qd8+ Ka6 42. Qd6+ Ka7 43. Qc5+ Kb8 44. Qd6+ Ka7 1/2-1/2

[Event "IECC CL4-2000.28"]
[Site "IECC email"]
[Date "2000.06.10"]
[Round "?"]
[White "Wagener, Dirk"]
[Black "Bastos, Carlos Eduardo"]
[Result "0-1"]
[WhiteElo "1625"]
[BlackElo "1605"]
[PlyCount "58"]
[EventDate "2000.??.??"]
[EventType "tourn (corr)"]
[EventRounds "4"]
[SourceTitle "Corr 2008"]
[Source "ChessBase"]
[SourceDate "2008.06.24"]
[SourceVersion "1"]
[SourceVersionDate "2008.06.24"]
[SourceQuality "1"]

1. d4 Nf6 2. Bg5 d5 3. Bxf6 exf6 4. e3 Bf5 5. c4 Bxb1 6. Qxb1 Bb4+ 7. Kd1 0-0 8. a3 Be7 9. Bd3 g6 10. cxd5 Qxd5 11. Be4 Qb5 12. Nf3 c5 13. h4 Rd8 14. Bd3 Qd7 15. h5 cxd4 16. hxg6 hxg6 17. Bxg6 dxe3+ 18. Ke2 Bc5 19. Bh7+ Kf8 20. fxe3 Re8 21. e4 Qb5+ 22. Ke1 Nc6 23. b4 Bd6 24. Kf2 Ne5 25. Nxe5 Bxe5 26. Ra2 Bd4+ 27. Kf3 Rac8 28. Bf5 Rc3+ 29. Kg4 Ke7 0-1

[Event "IECC M email"]
[Site "IECC email"]
[Date "1999.04.11"]
[Round "?"]
[White "Carey, Mike"]
[Black "Wagener, Dirk"]
[Result "0-1"]
[WhiteElo "1257"]
[BlackElo "1480"]
[PlyCount "78"]
[EventDate "1999.??.??"]
[EventType "tourn (corr)"]
[EventRounds "6"]
[SourceTitle "Corr 2008"]
[Source "ChessBase"]
[SourceDate "2008.06.24"]
[SourceVersion "1"]
[SourceVersionDate "2008.06.24"]
[SourceQuality "1"]

1. c4 g6 2. Nc3 Bg7 3. Nf3 d6 4. d3 c6 5. g3 e5 6. Bg2 Ne7 7. Bg5 h6 8. Bxe7 Qxe7 9. Qc2 Be6 10. 0-0 0-0 11. Rab1 f5 12. e3 Nd7 13. b4 e4 14. Nh4 exd3 15. Qxd3 Ne5 16. Qc2 Bxc4 17. Rfe1 d5 18. f4 Bd3 19. Qd2 Bxb1 20. fxe5 Bxa2 21. Nxa2 Kh7 22. Nc1 Qxe5 23. Nd3 Qc3 24. Qxc3 Bxc3 25. Rb1 Bd2 26. Kf1 Bxe3 27. Nf3 Rfe8 28. b5 Re7 29. bxc6 bxc6 30. Nfe5 Rc8 31. Re1 Bd4 32. Nf3 Rxe1+ 33. Kxe1 Re8+ 34. Kd2 Bf6 35. Nfe1 Kg7 36. Nb4 Rxe1 37. Nxc6 Ra1 38. Bxd5 a5 39. Kc2 a4 0-1